| 000 | 00878nam a2200229 a 4500 | ||
|---|---|---|---|
| 001 | 61458 | ||
| 003 | BD-RjUL | ||
| 005 | 20211209080951.0 | ||
| 008 | 170118s1967 nyu||||| |||| 00| 0 eng d | ||
| 035 | _a(BD-RjUL) 61582 | ||
| 040 |
_aBD-RjUL _beng _cBD-RjUL |
||
| 041 | _aeng | ||
| 082 |
_223 _a338.91 _bDEM 1967 |
||
| 110 |
_aDepartment of Economic and Social Affairs _9183189 |
||
| 245 |
_aMeasurement of the flow of resources to developing countries : _ba report on methodological problems by a group of experts appointed by the Secretary-General / _c Department of Economic and Social Affairs. |
||
| 260 |
_aNew York : _b United Nations, _c1967. |
||
| 300 |
_axv, 131 p. ; _c21 cm. |
||
| 490 |
_aUnited Nations publication. _v Sales no.: 67. II. D.17 |
||
| 650 |
_aInternational development and growth _9183190 |
||
| 856 | _3United Nations publication. | ||
| 942 |
_2ddc _cBK |
||
| 999 |
_c61458 _d61458 |
||